Dates clées de la Révolution Francaise - Statistiques

Statistiques générales
  • Ce quiz a été pris 148 fois
    116 depuis la dernière actualisation
  • Le résultat moyen est 9 sur 18
Statistiques - réponses
évenement date % Correct
Prise de la Bastille 14 juillet 1789
99%
Abolition des privilèges 4 août 1789
86%
Serment du Jeu de Paume 20 juin 1789
85%
Proclamation de la République 21/22 septembre 1792
85%
Ouverture des états généraux 5 mai 1789
83%
Déclaration des droits de l'homme et du citoyen 26 août 1789
80%
Fête de la fédération 14 juillet 1790
76%
Fuite de Varennes 20 juin 1791
60%
Exécution de Louis Capet 21 janvier 1793
60%
Prise des Tuilleries 10 août 1792
54%
Exécution de Robespierre 28 juillet 1794
44%
Première victoire contre l'Autriche 20 septembre 1792
35%
Début du calendrier républicain 22 septembre 1792
25%
Fusillade du Champ de Mars 17 juillet 1791
21%
Verdict du procès de Louis Capet 15 janvier 1793
18%
Marche des parisiennes vers Versailles 5 et 6 octobre 1789
18%
Loi des suspects 17 septembre 1793
6%
L'Autriche entre en guerre contre la France 25 juillet 1792
5%
Aucun quiz correspondant
Distribution des résultats
% des personnes avec chaque résultat
Percentile par nombre de réponses
Votre historique - résultats
Vous n’avez pas pris ce quiz depuis la dernière actualisation